000 00696cad a22001815a 4500
001 L157199
008 120918s2012 xxk f 000 0 eng d
035 _a(Sirsi) u157199
041 0 _aeng
245 0 0 _aWho can afford retirement housing?
_h[electronic resource]
260 _aLondon
_bJRF
_c2012
520 _aDiscusses the affordability of retirement homes, taking factors such as income, price and government policies into consideration.
590 _aKA
651 4 _aUnited Kingdom
_y
700 1 _aAge UK
856 4 0 _uhttps://www.jrf.org.uk/sites/files/jrf/retirement-housing-affordability-summary.pdf
_zView the item free of charge from the www.www.jrf.org.uk website
942 _n0
999 _c114647
_d114647